Представление документа в формате RUSMARC

ПолеНазваниеЗначение
  Тип записи a
  Библиографический уровень m
001 Контрольный номер UONB/MAIN/15576c8296b0471eb27597a73555978e
005 Дата корректировки 20260421145432.5
010 Индекс ISBN __
b Уточнения в пер.
d Цена 1 р. 80 к.
9 Тираж 3100 экз.
100 Данные общей обработки __
a Данные общей обработки 20260421d1984 u y0rusy0189 ca
101 Язык документа 0_
a Язык текста rus
102 Страна публикации __
a Страна публикации RU
105 Кодированные данные (монография) __
a Кодированные данные (монография) a z 000yy
200 Заглавие и сведения об ответственности 1_
a Заглавие Этнический состав и этносоциальная структура населения Петербурга, вторая половина XIX - начала XX в.
e Сведения, относящиеся к заглавию статистический анализ
f Первые сведения об ответственности Н. В. Юхнева
g Последующие сведения об ответственности Академия Наук СССР, Институт этнографии им. Н. Н. Миклухо-Маклая
g Последующие сведения об ответственности под редакцией К. В. Чистова
203 Вид содержания и тип средства __
a Вид содержания Текст
b Характеристика содержания визуальный
c Тип средства непосредственный
210 Выходные данные 1_
a Место издания Ленинград
c Издательство Наука, Ленинградское отделение
d Дата издания 1984
215 Физическое описание __
a Объем 223 с.
c Иллюстрации/тип воспроизводства ил.
d Формат 22 см
606 Тематические рубрики 0_
a Основная рубрика Население городское
x Основная подрубрика Этнографические исследования
y Географическая подрубрика Петербург
610 Ключевые слова 0_
a Ключевые слова русские советские этнографические исследования; население Петербурга; история Петербурга
675 Индекс УДК __
a Индекс УДК 902.7(с1)
686 Индексы других классификаций __
a Классификационный индекс 63.52(23=Рус)
2 Код системы rubbk
700 Автор _1
a Фамилия Юхнева
b Имя (инициалы) Н. В.
g Полное личное имя Наталия Васильевна
702 Вторичная интеллектуальная ответственность _1
a Фамилия Чистов
b Имя (инициалы) К. В.
4 Код отношения 340
712 Наименование организации (Вторичная ответственность) 02
a Организация/ юрисдикция Академия Наук СССР
b Другие уровни Институт этнографии им. Н. Н. Миклухо-Маклая
4 Код отношения 570
801 Источник записи _0
a Страна RU
b Организация Ульяновская ОНБ
c Дата составления 20260421
g Правила каталогизации RCR
801 Источник записи _1
a Страна RU
b Организация Ульяновская ОНБ
c Дата составления 20260421
g Правила каталогизации RCR
901 Тип документа __
t Тип документа m
909 Создатель записи __
a Создатель записи Фризен
b Дата создания записи 20260421